000 00776nam a2200277 i 4500
001 000012946
003 DO-SdBNP
005 20251113071451.0
007 ta
008 091118s1982 dr 000 j spa d
040 _aDO-SdBNP
_bspa
_cBNPHU
_erda
041 _aspa
082 _aRD863.44
_bR696f
_222
100 1 _aRodríguez, José
_eautor
_923002
245 1 0 _aFicción y realidad /
_cJosé Rodríguez.
264 _aSanto Domingo :
_bTele-3,
_c1982.
300 _a259 páginas ;
_c21 cm.
336 _ardacontent
_btexto
_2txt
337 _ardamedia
_bsin mediación
_2n
338 _ardacarrier
_bvolumen
_2nc
590 _aInventariado, 2025/DG
650 4 _aCuetos dominicanos
_929464
650 0 _aLiteratura dominicana.
_967
910 _aDG
942 _2ddc
_cLBS1
999 _c12594
_d12594